000 00981nam a22003017a 4500
003 CHAP
005 20220329140653.0
008 971013s1969 r 00010 d
010 _a55762
011 _a56734
035 _a60887
040 _cCHAP
090 _aTesis
100 0 0 _aYurrita Elgueta, Manuel Roberto.
_9123355
245 _aEvaluación de dos métodos rápidos para determinar el contenido de humedad del café
260 _aGuatemala :
_bEl autor,
_c1969
300 _a39 p.
502 _aTesis (Ing. Agrónomo) -- Universidad de San Carlos de Guatemala. Fac. de Agronomía
590 _aALEPH
_b10
_c20130110
_lUCH01
_h1333
590 _aBATCH-UPD
_b10
_c20130110
_lUCH01
_h0730
590 _aBATCH-UPD
_b10
_c20130410
_lUCH01
_h0413
590 _aBATCH-UPD
_b10
_c20130914
_lUCH01
_h0811
590 _aCONVERSION
_b10
_c20130109
_lUCH01
_h1330
650 1 4 _aCafé
_xHumedad.
_917155
901 _aBK
942 _cTESIS
949 _bBC
_cTES
_d-130997
_eTS1
_i60887
_si
999 _c55762
_d55762